Catálogo de los objetos, papeles, libros y documentos que la provincia de Badajoz presentó en la referida exposición [Exposición Internacional-Americanista, Madrid 1881] / (Record no. 48677)

MARC details
000 -LEADER
campo de control de longitud fija 00791nam a22001935i 4500
001 - NÚMERO DE CONTROL
campo de control 48677
003 - IDENTIFICADOR DE NÚMERO DE CONTROL
campo de control ES-MaACL
005 - FECHA Y HORA DE LA ÚLTIMA TRANSACCIÓN
campo de control 20250907063041.0
007 - CAMPO FIJO DE DESCRIPCIÓN FÍSICA--INFORMACIÓN GENERAL
campo de control de longitud fija t|
008 - DATOS DE LONGITUD FIJA--INFORMACIÓN GENERAL
campo de control de longitud fija 950728s1883 sp ||||1| spa d
040 ## - FUENTE DE CATALOGACIÓN
Centro catalogador/agencia de origen CAM
Lengua de catalogación spa
Centro/agencia transcriptor CAM
100 1# - ENTRADA PRINCIPAL--NOMBRE DE PERSONA
Nombre de persona Díaz y Pérez, Nicolás,
Fechas asociadas al nombre 1841-1902
9 (RLIN) 44467
245 10 - MENCIÓN DEL TÍTULO
Título Catálogo de los objetos, papeles, libros y documentos que la provincia de Badajoz presentó en la referida exposición [Exposición Internacional-Americanista, Madrid 1881] /
Mención de responsabilidad, etc. redáctalo... Nicolás Diaz y Pérez...
260 ## - PUBLICACIÓN, DISTRIBUCIÓN, ETC.
Lugar de publicación, distribución, etc. Badajoz :
Nombre del editor, distribuidor, etc. [s.n.],
Fecha de publicación, distribución, etc. 1883 (
Fabricante tipografía La Minerva Extremeña)
300 ## - DESCRIPCIÓN FÍSICA
Extensión 66, [3] p. ;
Dimensiones 23 cm.
711 2# - ENTRADA AGREGADA--NOMBRE DE REUNIÓN
Nombre de congreso/reunión o jurisdicción como elemento de entrada Exposición Internacional Americanista (
Fecha del congreso o de la firma del tratado 1881.
Sede del congreso/Lugar de la reunión Madrid)
9 (RLIN) 696
852 ## - LOCALIZACIÓN
Ubicación ES-MaACL
Número de control de estantería T-959-F-2
Holdings
Estatus retirado Estado de pérdida Estado de daño No para préstamo Colección Biblioteca de origen Biblioteca actual Ubicación en estantería Fecha de adquisición Fuente de adquisición Total de préstamos Signatura topográfica completa Código de barras Visto por última vez Precio de reemplazo Tipo de ítem Koha
        Colección de folletos Biblioteca del Ateneo de Madrid Biblioteca del Ateneo de Madrid Depósito folletos 17/01/2008     T-959-F-2 1051223 23/02/2023 23/02/2023 Folleto